रामचरितमानस तथा भावार्थ रामायण: नये संदर्भ: एक तुलनात्मक अध्ययन (Record no. 1229208)
[ view plain ]
| 000 -LEADER | |
|---|---|
| fixed length control field | 00862nam a2200217Ia 4500 |
| 005 - DATE AND TIME OF LATEST TRANSACTION | |
| control field | 20241129111149.0 |
| 008 - FIXED-LENGTH DATA ELEMENTS--GENERAL INFORMATION | |
| fixed length control field | 241129s9999||||xx |||||||||||||| ||und|| |
| 020 ## - INTERNATIONAL STANDARD BOOK NUMBER | |
| International Standard Book Number | 978-81-935317-4-7 |
| 037 ## - SOURCE OF ACQUISITION | |
| Stock number | TB |
| 040 ## - CATALOGING SOURCE | |
| Original cataloging agency | CRL |
| Language of cataloging | hin |
| Transcribing agency | CRL |
| 041 ## - LANGUAGE CODE | |
| Language code of text/sound track or separate title | san |
| Source of code | san |
| 084 ## - COLON CLASSIFICATION NUMBER | |
| Classification number | O152,1J32,11:g 15Q8 |
| Assigning agency | CRL |
| 100 ## - MAIN ENTRY--PERSONAL NAME | |
| Personal name | भुमरे पी. एम., ले. |
| 245 #0 - TITLE STATEMENT | |
| Title | रामचरितमानस तथा भावार्थ रामायण: नये संदर्भ: एक तुलनात्मक अध्ययन |
| Statement of responsibility, etc. | भुमरे पी. एम., ले. |
| 260 ## - PUBLICATION, DISTRIBUTION, ETC. | |
| Place of publication, distribution, etc. | कानपुर, भारत |
| Name of publisher, distributor, etc. | वान्या पब्लिकेशंस |
| Date of publication, distribution, etc. | 2018 |
| 300 ## - PHYSICAL DESCRIPTION | |
| Extent | 316पृ0 |
| 365 ## - TRADE PRICE | |
| Price type code | INR |
| Price amount | 750 |
| 650 ## - SUBJECT ADDED ENTRY--TOPICAL TERM | |
| Topical term or geographic name entry element | Hindi literaturePoetry |
| 942 ## - ADDED ENTRY ELEMENTS (KOHA) | |
| Koha item type | Textbook |
| Classification part | O152,1J32,11:g 15Q8 |
| Withdrawn status | Lost status | Damaged status | Not for loan | Home library | Current library | Date acquired | Source of acquisition | Cost, normal purchase price | Inventory number | Total Checkouts | Full call number | Barcode | Date due | Date last seen | Date last checked out | Price effective from | Koha item type |
|---|---|---|---|---|---|---|---|---|---|---|---|---|---|---|---|---|---|
| Central Library | Central Library | 2024-11-29 | Classic Book Service | 750.00 | 104 & 07/12/2023 | 2 | O152,1J32,11:g 15Q8 | CL1680008 | 2025-01-03 | 2026-01-07 | 2026-01-07 | 2024-11-29 | Textbook |
